[Event "HCL-A2526"]
[Site "www.playchess.de"]
[Date "2006.01.04"]
[Round "8"]
[White "freno"]
[Black "flashback6969"]
[WhiteElo "1577"]
[BlackElo "1900"]
[PlyCount "29"]
[Result "1-0"]

1.e4 {Hello from Paris}  b6 {je me parle  
francias.. un peu.. but yeah.. i'd rather talk in 
english for now.. heh heh heh}  2.d4 Ba6 3.Bxa6 
Nxa6 4.Nf3 c5 5.O-O d6 6.Bg5 f6 7.Bh4 Qd7 8.Nc3 
O-O-O 9.a4 g5 10.Bg3 e5 11.dxe5 fxe5 12.Nxg5 Be7 
13.Nf7 Nf6 14.Nxh8 Rxh8 15.a5 1-0

[Event "HCL-C4004"]
[Site "www.playchess.de"]
[Date "2006.01.04"]
[Round "7"]
[White "Testgame"]
[Black "rodolfosant"]
[WhiteElo "800"]
[BlackElo "900"]
[PlyCount "21"]
[Result "1-0"]

1.e4 e6 2.Nf3 d5 {(offering draw)}  3.Nc3 Nc6 
{(offering draw)}  4.exd5 exd5 5.Bb5 a6 6.Qe2+ Qe7 
7.Bxc6+ bxc6 8.d3 Bg4 9.Qxe7+ Nxe7 10.Ne5 Be6 
11.O-O {(offering draw)}  1-0

[Event "HCL-C3964"]
[Site "www.playchess.de"]
[Date "2006.01.04"]
[Round "5"]
[White "RJay"]
[Black "garden"]
[WhiteElo "800"]
[BlackElo "1056"]
[PlyCount "30"]
[Result "0-1"]

1.d4 e6 2.f4 f5 3.Nf3 Nf6 4.Ne5 Bb4+ 5.c3 Bd6 6.g3 
b6 7.e3 Bxe5 8.Bb5 Bd6 9.Na3 a6 10.Qe2 axb5 
11.Nxb5 Qe7 12.b4 c6 13.Rb1 Ba6 14.Nc7+ Bxc7 
15.Ba3 Bxe2 0-1

[Event "HCL-B3714"]
[Site "www.playchess.de"]
[Date "2006.01.04"]
[Round "7"]
[White "bossjos"]
[Black "adamant"]
[WhiteElo "1272"]
[BlackElo "1251"]
[PlyCount "64"]
[Result "0-1"]

1.e4 e5 2.Nf3 Nc6 3.Bc4 h6 4.d4 exd4 5.Nxd4 Bc5 
6.Be3 Nf6 7.Nc3 O-O 8.O-O Re8 9.Qf3 d6 10.Nxc6 
bxc6 11.Rad1 Bg4 {Rare mistake from you}  12.Qg3 
{i have too many games at t5he moment and too 
little time}  Bxe3 13.Qxe3 Bxd1 14.Rxd1 Qe7 15.Bd3 
d5 16.Re1 Ng4 17.Qf4 h5 18.Re2 g5 19.Qf5 d4 20.Nd1 
Rab8 21.e5 f6 22.exf6 Qxf6 23.Qh7+ Kf8 24.Qxh5 Ne5 
25.Qh3 c5 26.Qg3 c4 27.Be4 Rbd8 28.Kf1 d3 29.cxd3 
cxd3 30.Re3 d2 31.Bc2 Rd4 32.f4 
gxf4 0-1

[Event "HCL-E1495"]
[Site "www.playchess.de"]
[Date "2006.01.04"]
[Round "8"]
[White "PRIMAK"]
[Black "xasanov"]
[WhiteElo "1698"]
[BlackElo "2100"]
[PlyCount "43"]
[Result "1-0"]

1.d4 {Hello from Moscow}  e6 {Helloo from 
somalia
}  2.c4 Nf6 3.Nf3 c6 4.Nc3 Bb4 5.Bd2 Ne4 6.Nxe4 
Bxd2+ 7.Qxd2 d5 8.Nc3 dxc4 9.a4 a6 10.e4 b5 
11.axb5 O-O 12.bxc6 Nxc6 13.Bxc4 f5 14.O-O fxe4 
15.Nxe4 Na5 16.Qxa5 Qxa5 17.Rxa5 Rf4 18.Nc5 Kf7 
19.Re1 Rb8 20.b3 Rb4 21.Nxe6 Rxc4 
22.bxc4 1-0

[Event "HCL-C3968"]
[Site "www.playchess.de"]
[Date "2006.01.04"]
[Round "17"]
[White "tusnelda"]
[Black "cla114"]
[WhiteElo "1112"]
[BlackElo "869"]
[PlyCount "51"]
[Result "1-0"]

1.e4 e5 2.Nf3 Nc6 3.Bb5 Nd4 4.Nxd4 exd4 5.d3 Bc5 
6.O-O Nf6 7.Bc4 O-O 8.f4 d6 9.Bd2 Bg4 10.Qe1 Qe7 
11.a4 Rae8 12.b4 Bb6 13.a5 d5 14.exd5 Qd6 15.Qh4 
Re2 16.axb6 cxb6 17.Rxa7 Nxd5 18.Qxg4 Ne3 19.Qxe2 
Nxc2 20.Rxb7 Nxb4 21.Qh5 Nc2 22.Rxf7 Qg6 23.Rf6+ 
Kh8 24.Rxg6 Rf6 25.Rxf6 gxf6 26.Qf7 1-0

[Event "HCL-C4007"]
[Site "www.playchess.de"]
[Date "2006.01.04"]
[Round "17"]
[White "Bense"]
[Black "cla114"]
[WhiteElo "1038"]
[BlackElo "871"]
[PlyCount "51"]
[Result "1-0"]

1.e4 e5 2.Nf3 Nc6 3.c3 Bc5 4.d4 exd4 5.cxd4 d6 
6.dxc5 dxc5 7.Bc4 Nge7 8.Nc3 O-O 9.a3 Nd4 10.Nxd4 
Be6 11.Nxe6 Qd6 12.Nxf8 Rxf8 13.Qxd6 cxd6 14.Nb5 
a6 15.Nxd6 Nc6 16.Be3 b5 17.Bd5 Nd4 18.Bxd4 cxd4 
19.Rd1 Rd8 20.Nxf7 Rxd5 21.exd5 Kxf7 22.Rxd4 Ke7 
23.d6+ Kd7 24.Kd2 a5 25.Re1 b4 
26.Re7+ 1-0

[Event "HCL-E1460"]
[Site "www.playchess.de"]
[Date "2006.01.04"]
[Round "3"]
[White "michbarc"]
[Black "UGY"]
[WhiteElo "1745"]
[BlackElo "1808"]
[PlyCount "60"]
[Result "0-1"]

1.d4 d5 2.c4 e6 3.Nf3 Nf6 4.Nc3 Be7 5.e3 Nbd7 
6.Bd3 O-O 7.O-O c6 8.Re1 dxc4 9.Bxc4 Bd6 10.e4 e5 
11.dxe5 Nxe5 12.Nxe5 Bxe5 13.Bg5 Qa5 14.Bd2 Ng4 
15.h3 Nxf2 16.Kxf2 Qc5+ 17.Be3 Qxc4 18.Qc2 f5 
19.Kg1 f4 20.Bf2 f3 21.Re3 fxg2 22.Kxg2 Qf7 23.Bg3 
Qg6 24.Rg1 Bxh3+ 25.Kxh3 Qh6+ 26.Kg2 Qxe3 27.Bxe5 
Rad8 28.Kh1 Rf2 29.Rxg7+ Kf8 30.Qb3 
Qh3+ 0-1

[Event "HCL-B3692"]
[Site "www.playchess.de"]
[Date "2006.01.04"]
[Round "5"]
[White "Hort_BR"]
[Black "Knedleckaman"]
[WhiteElo "1745"]
[BlackElo "1200"]
[PlyCount "65"]
[Result "1-0"]

1.d4 f5 2.g3 Nf6 3.Bg2 g6 4.Nf3 Bg7 5.O-O d6 6.c4 
O-O 7.Nc3 Nbd7 {(offering draw)}  8.Ng5 Nb6 9.c5 
dxc5 10.dxc5 Nbd7 11.Ne6 Qe8 12.c6 bxc6 13.Bxc6 
Rb8 14.Nxf8 Qxf8 15.Qc2 Ne5 16.Bg2 a6 17.b3 Nf7 
18.Bb2 Bb7 19.Bxb7 Rxb7 20.e4 fxe4 21.Nxe4 Nxe4 
22.Qxe4 Nd6 23.Qe6+ Kh8 24.Bxg7+ Qxg7 25.Rfe1 c5 
26.Rad1 h6 27.Qd5 Rb4 28.Qxc5 Rg4 29.Qe5 Qxe5 
30.Rxe5 Nf5 31.Ra5 Nh4 32.Rd3 Kg7 
33.h3 1-0

[Event "HCL-A2540"]
[Site "www.playchess.de"]
[Date "2006.01.04"]
[Round "24"]
[White "sparpaket"]
[Black "MimiSiku"]
[WhiteElo "1535"]
[BlackElo "1479"]
[PlyCount "59"]
[Result "1-0"]

1.e4 {Hi}  c6 {Auf ein Neues! Servus!}  2.d4 
{Servus}  d5 3.e5 Bf5 4.Be3 e6 5.Nd2 Bb4 6.c3 Ba5 
7.f4 Ne7 8.Be2 Nd7 9.Ngf3 Qc7 10.Nh4 c5 11.O-O c4 
12.g4 Bg6 13.f5 exf5 14.gxf5 Nxe5 15.dxe5 Qxe5 
16.Bd4 Bb6 17.Ndf3 Bxd4+ 18.Nxd4 Bxf5 19.Nhxf5 
Nxf5 20.Rxf5 Qe3+ 21.Kg2 g6 22.Rxd5 O-O 23.Bf3 Qe7 
24.Qe2 Qf6 25.Qe5 Qh4 26.Qg3 Qf6 27.Rd6 Qg7 28.Re1 
f5 29.Bd5+ Kh8 30.Ne6 1-0

[Event "HCL-B3771"]
[Site "www.playchess.de"]
[Date "2006.01.04"]
[Round "33"]
[White "cioran"]
[Black "nichju"]
[WhiteElo "1214"]
[BlackElo "1017"]
[PlyCount "55"]
[Result "1-0"]

1.d4 d5 {Hallo}  2.Nf3 {Hallo aus Frankfurt}  Nc6 
{Hallo aus Allendorf/Lda. (zw. Gießen und Marburg 
gelegen)}  3.Bg5 {ah. ein hessisches derby}  h6 
4.Bh4 Nf6 5.Bxf6 exf6 6.e3 Bg4 7.Be2 Bd6 8.h3 Bf5 
9.Nc3 Bb4 10.O-O Bxc3 11.bxc3 Qd7 12.c4 Nb4 13.Bd3 
O-O 14.Qd2 Rae8 15.Bxf5 Qxf5 16.Qxb4 Qxc2 17.cxd5 
Red8 18.Rfc1 Qe4 19.Rxc7 Qxd5 20.Qxb7 Qa5 21.Qxa7 
Qc3 22.Rxc3 g5 23.Rc7 f5 24.Rb1 g4 25.Rbb7 gxf3 
26.Rcxf7 fxg2 27.Rfg7+ Kh8 28.Rgh7+ 1-0

[Event "HCL-A2510"]
[Site "www.playchess.de"]
[Date "2006.01.04"]
[Round "9"]
[White "A2557"]
[Black "Dams"]
[WhiteElo "1350"]
[BlackElo "1265"]
[PlyCount "38"]
[Result "0-1"]

1.e4 e5 2.Nf3 Nf6 3.d3 Nc6 4.Be2 Bc5 5.c3 h6 6.b4 
Bb6 7.b5 Ne7 8.Nxe5 d5 9.Nd2 O-O 10.O-O a6 11.bxa6 
Rxa6 12.d4 Ra8 13.exd5 Nexd5 14.Qc2 Nd7 15.Ndf3 c6 
16.Bb2 Nxe5 17.Nxe5 Bc7 18.Nf3 Re8 19.Rfe1 
Ra5 0-1

[Event "HCL-C4066"]
[Site "www.playchess.de"]
[Date "2006.01.04"]
[Round "4"]
[White "nico21"]
[Black "IRONMAIDEN"]
[WhiteElo "1472"]
[BlackElo "1397"]
[PlyCount "61"]
[Result "1-0"]

1.e4 e5 2.Nf3 Nc6 3.Bb5 a6 4.Ba4 b5 5.Bb3 f6 6.d4 
exd4 7.Nxd4 Nxd4 8.Qxd4 Bb7 9.O-O d6 10.Nc3 Qd7 
11.Re1 Ne7 12.Qd1 Ng6 13.f4 O-O-O 14.f5 Ne5 15.Be6 
g6 16.Bxd7+ Rxd7 17.fxg6 hxg6 18.h3 Rdh7 19.Nd5 f5 
20.exf5 gxf5 21.Bf4 Bg7 22.Bxe5 Bxe5 23.Rf1 Rg7 
24.Rf3 Rhg8 25.Rf2 Rh7 26.c3 Rxh3 27.Ne7+ Kd7 
28.Nxg8 Bh2+ 29.Kf1 Rg3 30.Qh5 Bxg2+ 
31.Rxg2 1-0

[Event "HCL-B3813"]
[Site "www.playchess.de"]
[Date "2006.01.04"]
[Round "6"]
[White "blue"]
[Black "kolmar"]
[WhiteElo "858"]
[BlackElo "1501"]
[PlyCount "47"]
[Result "1-0"]

1.d4 e6 2.e4 d5 3.e5 Nc6 4.Nf3 f6 5.Bb5 Bd7 6.Nc3 
a6 7.Bxc6 bxc6 8.Be3 fxe5 9.Nxe5 Nf6 10.Bg5 c5 
11.Ne2 h6 12.Ng6 Rh7 13.Bh4 c4 14.c3 Be7 15.Qc2 
Bd6 16.O-O Kf7 17.Ne5+ Kg8 18.Ng6 Be8 19.f4 Bxg6 
20.Qxg6 Qe8 21.f5 exf5 22.Qxf5 Qxe2 23.Bxf6 gxf6 
24.Qxd5+ 1-0

[Event "HCL-A2471"]
[Site "www.playchess.de"]
[Date "2006.01.04"]
[Round "11"]
[White "AidyT"]
[Black "Emerson"]
[WhiteElo "1345"]
[BlackElo "1715"]
[PlyCount "78"]
[Result "0-1"]

1.e4 {Hi from Scotland and good luck.}  c5 {i, 
best wishes from Dortmund (Germany) - and let´s 
have an interesting game!}  2.Nf3 Nc6 3.d4 cxd4 
4.Nxd4 Qb6 5.Nb3 Nf6 6.Bd3 e6 7.O-O d5 8.exd5 Nxd5 
9.Bd2 Bd6 10.Nc3 Ndb4 11.Be3 Qc7 12.g3 Nxd3 
13.Qxd3 Ne5 14.Qe2 a6 15.Rad1 Nc4 16.Rdb1 Nxe3 
17.Qxe3 O-O 18.Rbd1 b5 19.a3 Bb7 20.Nd2 Bc5 21.Qf4 
Qxf4 22.gxf4 Rfd8 23.Nb3 Bb6 24.Rfe1 g6 25.a4 b4 
26.Na2 a5 27.c3 Bd5 28.Nac1 bxc3 29.bxc3 Rdc8 
30.Rd3 Rc4 31.Nd2 Rxf4 32.Rd1 Rxf2 33.Ndb3 Bxb3 
34.Nxb3 Rb2+ 35.Kf1 Rxb3 36.Ra1 Rd8 37.Rf3 Rd2 
38.h3 Rbb2 39.c4 Rdh2 0-1

[Event "HCL-C4053"]
[Site "www.playchess.de"]
[Date "2006.01.04"]
[Round "9"]
[White "IRONMAIDEN"]
[Black "SARADHI"]
[WhiteElo "1445"]
[BlackElo "800"]
[PlyCount "108"]
[Result "1/2-1/2"]

1.e4 {hello!}  e5 2.Nc3 d6 {HAI! NAMASTHE FROM 
INDIA}  3.Bc4 Nf6 4.d3 h6 5.Nge2 Nc6 6.O-O Be7 
7.a3 O-O 8.Ng3 Nd4 9.Nce2 Bg4 10.f3 Nxe2+ 11.Qxe2 
Bh5 12.Nxh5 Nxh5 13.f4 Nxf4 14.Bxf4 exf4 15.Rxf4 
c6 16.Raf1 Bf6 17.c3 d5 18.exd5 Re8 19.Re4 Rxe4 
20.Qxe4 cxd5 21.Qxd5 Qb6+ {I APPRECIATE YOU FOR 
YOUR RAPIDNESS. NAMASTHE FROM INDIA. THANK YOU 
FRIEND.}  22.d4 {same to you, possible only till 
8:30, then I go to work.}  Qxb2 {OK FRIEND.}  
23.Qxf7+ Kh8 24.Rxf6 gxf6 25.Qxf6+ Kh7 26.Bd3+ Kg8 
27.Qg6+ Kf8 28.Qxh6+ Ke7 29.Qg7+ Kd6 {SORRY FOR 
LATE}  30.Qe5+ Kc6 31.Qc5+ Kd7 32.Bf5+ {good 
morning}  Ke8 33.Bg6+ Kd7 34.Qf5+ Kd6 35.Qf6+ 
{HAPPY NEW YEAR!}  Kc7 36.Qe7+ Kb6 {SAME TO YOU 
FRIEND.}  37.Qd6+ Ka5 38.Qb4+ Qxb4 39.cxb4+ Ka4 
40.d5 Rd8 41.Bf7 Kxa3 42.g4 Kxb4 43.g5 a5 44.g6 a4 
45.g7 a3 46.d6 Kc5 47.d7 Kd6 48.Be8 a2 49.g8Q a1Q+ 
50.Kg2 Qb2+ 51.Kh3 Qc3+ 52.Qg3+ Qxg3+ 53.Kxg3 b5 
54.Kf3 Rxd7 {(offering draw)}  1/2-1/2

[Event "HCL-A2509"]
[Site "www.playchess.de"]
[Date "2006.01.04"]
[Round "13"]
[White "asskicker"]
[Black "HOTSUN"]
[WhiteElo "1578"]
[BlackElo "1626"]
[PlyCount "78"]
[Result "0-1"]

1.c4 c5 {hi,how have you 2 fav sentences?}  2.Nc3 
{there is an error on my page; the second favorite 
sentence heading should read:  "About me"}  Nc6 
{ok}  3.g3 b6 4.Bg2 Bb7 5.Nf3 Nf6 6.O-O g6 7.d3 
Bg7 8.Bg5 e6 9.Nb5 d5 10.Bf4 O-O 11.Nc7 Rc8 12.Nb5 
Ne8 13.Rb1 a6 14.Nc3 d4 15.Ne4 e5 16.Bd2 h6 17.Qc1 
f5 18.Nh4 fxe4 19.Bxh6 e3 20.Bxg7 Kxg7 21.fxe3 
Rxf1+ 22.Qxf1 Qf6 23.Qc1 Rc7 24.exd4 Nxd4 25.Qd2 
Bxg2 26.Kxg2 Rf7 27.e3 Nf5 28.Nf3 Nxg3 29.Qf2 e4 
30.hxg3 Qxf3+ 31.Qxf3 exf3+ 32.Kf2 Nc7 33.d4 cxd4 
34.exd4 g5 35.d5 g4 36.Rd1 Re7 37.Re1 Rxe1 38.Kxe1 
Nxd5 39.cxd5 Kf6 0-1

[Event "HCL-C4071"]
[Site "www.playchess.de"]
[Date "2006.01.04"]
[Round "16"]
[White "IRONMAIDEN"]
[Black "reinfeld"]
[WhiteElo "1372"]
[BlackElo "799"]
[PlyCount "23"]
[Result "1-0"]

1.e4 d5 2.exd5 Qxd5 3.Nc3 Qd8 4.Nf3 Bg4 5.h3 Bxf3 
6.Qxf3 Nc6 7.Bb5 e6 8.Bxc6+ bxc6 9.Qxc6+ Ke7 
10.O-O Nf6 11.b3 Rc8 12.Ba3+ 1-0

[Event "HCL-C4071"]
[Site "www.playchess.de"]
[Date "2006.01.04"]
[Round "15"]
[White "reinfeld"]
[Black "IRONMAIDEN"]
[WhiteElo "799"]
[BlackElo "1372"]
[PlyCount "24"]
[Result "0-1"]

1.b4 e5 2.a3 Nf6 3.d4 exd4 4.Qxd4 Nc6 5.Qd1 d6 
6.Bb2 Be7 7.Ra2 O-O 8.Bxf6 Bxf6 9.c3 Be6 10.e3 
Bxa2 11.Be2 Bxb1 12.Qxb1 Bxc3+ 0-1

[Event "HCL-B3759"]
[Site "www.playchess.de"]
[Date "2006.01.04"]
[Round "20"]
[White "RUDI"]
[Black "bossjos"]
[WhiteElo "1210"]
[BlackElo "1262"]
[PlyCount "80"]
[Result "0-1"]

1.e4 {hi!}  e5 {hello}  2.Nf3 Nf6 3.Nc3 Bb4 4.Qe2 
Nc6 5.a3 Ba5 6.b4 Bb6 7.Bb2 O-O 8.g3 d6 9.h3 Be6 
10.Bg2 Qd7 11.O-O-O a5 12.b5 Ne7 13.g4 c6 14.Ne1 
c5 15.g5 Ne8 16.a4 f5 17.gxf6 Nxf6 18.d3 Ng6 19.f3 
Nf4 20.Qd2 Nxg2 21.Qxg2 Nh5 22.h4 Nf4 23.Qg3 Rf6 
24.Ng2 Rg6 25.Qe1 Rxg2 26.h5 Qe7 27.Rd2 Rxd2 
28.Kxd2 Qg5 29.Kd1 c4 30.dxc4 Bxc4 31.Bc1 Qg2 
32.Bxf4 exf4 33.Nd5 Qxf3+ 34.Kc1 Bxd5 35.exd5 Qe3+ 
36.Qxe3 Bxe3+ 37.Kd1 Rc8 38.Rh2 Rc4 39.h6 Rxa4 
40.hxg7 Rd4+ 0-1

[Event "HCL-B3760"]
[Site "www.playchess.de"]
[Date "2006.01.04"]
[Round "7"]
[White "RUDI"]
[Black "GCP"]
[WhiteElo "1284"]
[BlackElo "1474"]
[PlyCount "78"]
[Result "0-1"]

1.e4 {Ciao!}  d6 {Ciao ! have a nice game}  2.d4 
Nf6 3.Nc3 g6 4.Bc4 Bg7 5.Bg5 c6 6.d5 cxd5 7.exd5 
O-O 8.Nf3 Nbd7 9.O-O Nb6 10.Bb3 Bg4 11.h3 Bd7 
12.Ne2 Bb5 13.a4 Bxe2 14.Qxe2 Nfxd5 15.c3 Re8 
16.Rfd1 Nf6 17.c4 Qc7 18.Rab1 Nbd7 19.Qe3 Nc5 
20.Bc2 Ne6 21.b3 Nxg5 22.Qxg5 d5 {I wish you a 
Merry Christmas :))}  23.Rd4 {I wish you a Merry 
Christmas and a happy new year, my friend.}  e6 
24.Rh4 h5 25.Bd3 Rad8 26.Ne5 Nh7 27.Qe3 Qxe5 
28.Qxe5 Bxe5 29.c5 a6 30.Re1 Bc3 31.Re2 Rdc8 
32.Rc2 Rxc5 33.Re2 Rec8 34.Re3 Ba5 35.Rf3 R5c1+ 
36.Kh2 Bc7+ 37.g3 Ng5 38.Re3 Rd1 39.Bc2 
Rd2 0-1

[Event "HCL-B3578"]
[Site "www.playchess.de"]
[Date "2006.01.04"]
[Round "12"]
[White "coca"]
[Black "nikolayk"]
[WhiteElo "1204"]
[BlackElo "1421"]
[PlyCount "96"]
[Result "1/2-1/2"]

1.e4 e5 2.Nf3 Nc6 3.Bb5 a6 4.Bxc6 dxc6 5.d4 exd4 
6.Qxd4 Qxd4 7.Nxd4 Nf6 8.e5 Ng4 9.f4 Bc5 10.c3 O-O 
11.O-O Rd8 12.h3 Bxd4+ 13.cxd4 Nh6 14.Be3 Nf5 
15.Kf2 Nxd4 16.Bxd4 Rxd4 17.Nc3 Rd2+ 18.Kg3 Rxb2 
19.Rf2 Rxf2 20.Kxf2 Be6 21.a3 Rd8 22.Rd1 Rxd1 
23.Nxd1 b5 24.Ke3 c5 25.Nb2 c4 26.Kd4 Kf8 27.g4 f6 
28.f5 fxe5+ 29.Kxe5 c3 30.Nd3 Bc4 31.Nb4 c5 32.Nc2 
Bd3 33.Ne1 c2 34.Nxd3 c4 35.Nc1 Ke7 36.Kd4 Kd6 
37.Kc3 Ke5 38.Kxc2 Kf4 39.Kc3 h5 40.gxh5 Kxf5 
41.Kb4 Kg5 42.Ne2 Kxh5 43.a4 bxa4 44.Kxa4 c3 
{(offering draw)}  45.Nxc3 Kh4 46.Ka5 {(offering 
draw)}  Kxh3 47.Nd5 g5 48.Ne3 g4 {(offering draw)} 
 1/2-1/2

[Event "HCL-M873"]
[Site "www.playchess.de"]
[Date "2006.01.04"]
[Round "5"]
[White "Edik"]
[Black "Ezechiel"]
[WhiteElo "1888"]
[BlackElo "1786"]
[PlyCount "37"]
[Result "1-0"]

1.e4 {Hi! Good luck!}  e6 {To you, yoo!}  2.d4 c5 
3.Nf3 Nf6 4.e5 Nd5 5.c4 Nb6 6.a4 a5 7.Bg5 Be7 
8.Bxe7 Qxe7 9.Qb3 Ra6 10.Nbd2 O-O 11.Ne4 Na8 
12.Nxc5 Rb6 13.Qc3 Nc6 14.Nb3 Ra6 15.c5 Ra7 {I 
have so little space :-(}  16.Bb5 Nc7 17.Qd2 Nd5 
18.Bxc6 bxc6 19.Nxa5 1-0

[Event "HCL-B3664"]
[Site "www.playchess.de"]
[Date "2006.01.04"]
[Round "1"]
[White "Vasudevan"]
[Black "Phileas"]
[WhiteElo "1200"]
[BlackElo "1400"]
[PlyCount "112"]
[Result "0-1"]

1.e4 c5 2.Nf3 d6 3.d4 cxd4 4.Nxd4 Nc6 5.Be3 e5 
6.Nf3 Nf6 7.Nc3 Be6 8.Bb5 a6 9.Ba4 b5 10.Bb3 Bxb3 
11.axb3 Be7 12.Nd5 Nxd5 13.exd5 Nb8 14.Qd3 Nd7 
15.Qf5 Nf6 16.O-O Qd7 17.Qd3 O-O 18.b4 Qb7 19.c4 
bxc4 20.Qxc4 Rfc8 21.Qd3 Qxd5 22.Qxd5 Nxd5 23.Ra4 
Rcb8 24.Bd2 Rb5 25.g3 Nc7 26.Rc1 Rb7 27.Rc4 d5 
28.Rg4 e4 29.Ne5 Ne6 30.Bh6 f5 31.Rf4 Nxf4 32.Bxf4 
Rxb4 33.Ra5 Rb5 34.Nc6 Bc5 35.b4 Bxb4 36.Ra4 Bc3 
37.Ne7+ Kf7 38.Nxf5 Kf6 39.Nd6 Rb6 40.Ra3 Bb4 
41.Rb3 a5 42.h4 Rxd6 43.Bg5+ Ke6 44.Rb2 Rc6 45.Kg2 
Rc4 46.Be3 Rac8 47.Re2 d4 48.Bf4 d3 49.Re3 d2 
50.Kh3 d1Q 51.f3 Kf5 52.fxe4+ Rxe4 53.Rxe4 Qg4+ 
54.Kg2 Rc2+ 55.Kf1 Qf3+ {and thank you for the 
game. Happy new year.}  56.Kg1 
Qg2+ 0-1

[Event "ACL-E205"]
[Site "www.playchess.de"]
[Date "2006.01.04"]
[Round "5"]
[White "ZinTho"]
[Black "SnottyKid"]
[WhiteElo "1969"]
[BlackElo "2175"]
[PlyCount "62"]
[Result "0-1"]

1.d4 {Hello from Germering, a small town near 
Munich, Germany. Hoping for an interesting game. 
Thomas}  Nf6 {Hello from Arizona, good luck.}  
2.c4 b6 3.Nf3 e6 4.g3 Bb4+ 5.Bd2 Bxd2+ 6.Qxd2 Ba6 
7.b3 O-O 8.Nc3 d5 9.cxd5 exd5 10.Bg2 Re8 11.Ne5 
Bb7 12.O-O Nbd7 13.f4 Qe7 14.Rac1 c5 15.e3 Rad8 
16.Rfd1 Ne4 17.Nxe4 dxe4 18.Qf2 Nf6 19.dxc5 Qxc5 
20.Rxc5 Rxd1+ 21.Bf1 bxc5 22.Qc2 Red8 23.Qc4 Bd5 
24.Qxc5 Be6 25.g4 Bxg4 26.Nxg4 Nxg4 27.h3 Nf6 
28.Qxa7 g6 29.a4 Kg7 30.a5 Rc1 31.Qb7 
Rdd1 0-1

[Event "HCL-A2534"]
[Site "www.playchess.de"]
[Date "2006.01.04"]
[Round "10"]
[White "seisan"]
[Black "Matu"]
[WhiteElo "1491"]
[BlackElo "1530"]
[PlyCount "50"]
[Result "0-1"]

1.e4 c6 2.d4 d5 3.e5 Bf5 4.c3 e6 5.Bd3 Bxd3 6.Qxd3 
Nd7 7.f4 c5 8.Nf3 c4 9.Qc2 b5 10.O-O a5 11.a4 b4 
12.Nbd2 b3 13.Qd1 Nb6 14.Re1 g6 15.Nf1 Bg7 16.Ng3 
Ne7 17.Ng5 h6 18.Nh3 Qd7 19.Qg4 Rg8 20.Bd2 Nxa4 
21.Rab1 Nb6 22.Qh4 Nf5 23.Nxf5 gxf5 24.Kh1 Qe7 
25.Reg1 Qxh4 0-1

[Event "HCL-A2523"]
[Site "www.playchess.de"]
[Date "2006.01.04"]
[Round "19"]
[White "Wernswig"]
[Black "Matu"]
[WhiteElo "1486"]
[BlackElo "1556"]
[PlyCount "170"]
[Result "0-1"]

1.e4 {hallo, auch hier wünsch ich dir ein schönes 
spiel}  c6 {danke gleichfalls}  2.d4 d5 3.Nc3 dxe4 
4.Nxe4 Nf6 5.Nxf6+ exf6 6.Nf3 Bg4 7.Be2 Qe7 8.O-O 
Nd7 9.Bf4 Qd8 10.Re1 Be7 11.Bd3 O-O 12.Be2 Nb6 
13.Nd2 Bxe2 14.Qxe2 Re8 15.Qg4 Bf8 16.c3 Qd7 
17.Qg3 Nd5 18.Ne4 Qf5 19.Nd6 Rxe1+ 20.Rxe1 Qxf4 
21.Qxf4 Nxf4 22.Nxb7 Rb8 23.Na5 Rxb2 24.Nxc6 Rxa2 
25.h3 g6 26.Re8 Kg7 27.Ra8 a6 28.Nb8 a5 29.Nc6 a4 
30.Na7 a3 31.Nb5 Ra1+ 32.Kh2 a2 33.c4 Ne2 34.d5 
Nf4 35.d6 Ne6 36.d7 Be7 37.Nc3 Rc1 38.Nxa2 Rxc4 
39.Re8 Bd8 40.Kg3 Rd4 41.Nc3 Rxd7 42.Ne4 Re7 
43.Rxe7 Bxe7 44.Nc3 f5 45.Nd5 Bd6+ 46.Kf3 Nc7 
47.Nb6 Kf6 48.Nc4 Bc5 49.Nb2 Ke6 50.Nd3 Bb6 51.Nb4 
g5 52.Nd3 Nb5 53.Nb4 Nd4+ 54.Kg3 h5 55.Kh2 Bc5 
56.Nd3 Nb3 57.f3 Bd6+ 58.Kg1 Kd5 59.Kf2 h4 60.Ke2 
Kd4 61.Nb2 Ba3 62.Na4 Nc1+ 63.Kd2 Nd3 64.Ke2 Nf4+ 
65.Kf1 Nd5 66.Kf2 Kc4 67.g3 Kb4 68.gxh4 gxh4 
69.Nb6 Nxb6 70.Ke3 Bc1+ 71.Kd4 Bf4 72.Kd3 Kc5 
73.Kc3 Nd5+ 74.Kd3 f6 75.Ke2 Kd4 76.Kf2 Kd3 77.Kg2 
{frohes neues jahr}  Ke2 {danke gleichfalls}  
78.Kg1 Ne3 79.Kh1 Kxf3 80.Kg1 Ke2 81.Kh1 Bg3 
82.Kg1 f4 83.Kh1 f3 84.Kg1 f2+ 85.Kh1 {schönes 
spiel}  f1Q+ 0-1

[Event "HCL-B3769"]
[Site "www.playchess.de"]
[Date "2006.01.04"]
[Round "3"]
[White "pirracas"]
[Black "Rekha"]
[WhiteElo "1500"]
[BlackElo "1200"]
[PlyCount "45"]
[Result "1-0"]

1.e4 {Hi from Xalapa Mexico}  d5 2.exd5 Qxd5 3.Nc3 
Qe6+ 4.Be2 Nc6 5.Nf3 Nh6 6.O-O Nf5 7.b3 a5 8.Bc4 
Qg6 9.Nd5 Qd6 10.Ng5 Nfd4 11.Nxc7+ Qxc7 12.Nxf7 
Ne5 13.Nxh8 Ng4 14.f4 a4 15.Bb2 e5 16.fxe5 Qxe5 
17.Re1 Kd8 18.Rxe5 Nxe5 19.Bxd4 Ng4 20.Nf7+ Ke8 
21.Qe2+ Be7 22.Bc5 b5 23.Qxe7+ 1-0

[Event "HCL-E1446"]
[Site "www.playchess.de"]
[Date "2006.01.04"]
[Round "33"]
[White "luciano59"]
[Black "Sinla"]
[WhiteElo "2252"]
[BlackElo "1719"]
[PlyCount "87"]
[Result "1-0"]

1.e4 c5 2.Nf3 Nc6 3.d4 cxd4 4.Nxd4 Nf6 5.Nc3 d6 
6.Bg5 e6 7.Qd2 a6 8.O-O-O h6 9.Bf4 Bd7 10.Nxc6 
Bxc6 11.Qe1 Be7 12.Kb1 Qc7 13.f3 b5 14.Bd3 e5 
15.Be3 O-O 16.Qg3 Kh8 17.Qh3 Bd7 18.g4 Kg8 19.Bxh6 
gxh6 20.Qxh6 Nh7 21.g5 Kh8 22.h4 Rfg8 23.Nd5 Qd8 
24.Qh5 Be8 25.f4 f6 26.Qf3 Rc8 27.f5 fxg5 28.hxg5 
Bxg5 29.Qh3 Rc7 30.Nxc7 Qxc7 31.c3 Rg7 32.Rdg1 Bf6 
33.Bc2 Rxg1+ {(offering draw)}  34.Rxg1 a5 {Pff, 
of lack of anything better to do :S}  35.Bb3 Bf7 
36.Rh1 Bxb3 37.axb3 Qf7 38.Qg4 Qe7 39.Qg6 Bh4 
40.Ka2 a4 {pff, I feel like giving up. It's a bit, 
well... you know...}  41.b4 {I don't 
understand.....sorry}  Bg5 {As in I don't feel 
like I'm winning...}  42.c4 {yes....:-)}  Bh4 
{(offering draw) Well, last chance for a draw! (I 
think I deserved, hey?)}  43.cxb5 {happy 2006!}  
Nf6 {Happy newyear to you too :) And oh yeah, I 
quit...}  44.Rxh4+ 1-0

[Event "HCL-E1435"]
[Site "www.playchess.de"]
[Date "2006.01.04"]
[Round "9"]
[White "Sinla"]
[Black "XiaoAn"]
[WhiteElo "1680"]
[BlackElo "1686"]
[PlyCount "76"]
[Result "0-1"]

1.e4 {Prettige partij!}  e5 {veel plezier!}  2.Nf3 
Nc6 3.Bb5 a6 4.Ba4 Nf6 5.O-O Be7 6.Re1 b5 7.Bb3 
O-O 8.c3 d5 9.exd5 Nxd5 10.Nxe5 Nxe5 11.Rxe5 c6 
12.Bxd5 cxd5 13.d4 Bd6 14.Re3 Qh4 15.h3 Qf4 16.Re5 
Qf6 17.Re1 Qg6 18.Qf3 Bd7 19.Be3 Rae8 20.Nd2 Re6 
21.Nb3 Rf6 22.Qxd5 Rf5 23.Qe4 h5 24.d5 Re8 25.Qd3 
Ree5 26.c4 bxc4 27.Qxc4 Rf3 28.Kh1 {Pff, ik zit 
weer lekker te klooien. E is net te hoog voor mij 
;)}  Bxh3 {ach, als je deze partij remise houdt, 
promoveer je naar M :-))}  29.Qf1 {Pfff, 
promoveren naar de M. Kost me nog meer tijd ;) 
Deze zet kostte ook wat tijd trouewns, maar 
volgens mij ben ik nu een beetje uit de ellende... 
De tijd zal het leren...}  Re4 {ja, de M kostte 
mij indertijd ook erg veel tijd. De E is ook veel 
leuker omdat je af en toe eens een slechte zet kan 
doen.....}  30.Bg5 {Ik word even niet goed van dit 
potje geloof ik :S Veels te ingewikkeld voor 
mij...}  Rxe1 {ook te ingewikkeld voor mij :-)}  
31.Rxe1 Qxg5 32.gxh3 Qf4 33.Re8+ {Wat een ellende 
weer :S}  Kh7 34.Qg2 Rxf2 35.Qe4+ {Nou, nog een 
paar zetjes voor de mazzel}  Qxe4+ 36.Rxe4 Rh2+ 
37.Kg1 Rxh3 38.Ra4 Rd3 0-1

[Event "HCL-B3700"]
[Site "www.playchess.de"]
[Date "2006.01.04"]
[Round "1"]
[White "Gideon"]
[Black "RUDI"]
[WhiteElo "1101"]
[BlackElo "1375"]
[PlyCount "84"]
[Result "0-1"]

1.e4 e5 2.Nf3 Nc6 3.Nc3 Bc5 4.a3 Nf6 5.b4 Bb6 6.b5 
Nd4 7.d3 d6 8.Be3 Bg4 9.Be2 Nxf3+ 10.Bxf3 Bxf3 
11.Qxf3 Qd7 12.O-O O-O-O 13.Bxb6 cxb6 14.a4 Kb8 
15.a5 bxa5 16.Rxa5 Qc7 17.Ra3 Qb6 18.Rb1 Rdc8 
19.Nd5 Nxd5 20.exd5 g5 21.Qxf7 Rcf8 22.Qxf8+ Rxf8 
23.Rf1 Qxb5 24.c4 Qb2 25.Raa1 Rxf2 26.Rxf2 Qxa1+ 
27.Rf1 Qd4+ 28.Kh1 Qxd3 29.Rf8+ Kc7 30.Rf7+ Kb6 
31.c5+ dxc5 32.Rf6+ Ka5 33.h3 Qxd5 34.Rf1 b5 
35.Ra1+ Kb6 36.Rf1 b4 37.Rf5 b3 38.Rxg5 b2 39.Rh5 
b1Q+ 40.Kh2 Qd2 41.Rh4 Qf2 42.Rg4 
Qbg1+ 0-1